Možnosti financovania dlhodobého majetku účtovnej jednotky z účtovného a daňového hľadiska diplomová práca

Na minha lista:
Detalhes bibliográficos
Autor principal: Matušíková, Barbora
Autor Corporativo: Fakulta hospodárskej informatiky EU. Katedra účtovníctva a audítorstva
Outros Autores: Vašeková, Miroslava, 1978-
Formato: Livro
Idioma:eslovaco
Publicado em: Bratislava 2022
Tags: Adicionar Tag
Sem tags, seja o primeiro a adicionar uma tag!

MARC

LEADER 00000nbm a2200000 4500
001 0284395
005 20230125104810.1
041 0 |a slo 
044 |a SK 
245 1 0 |a Možnosti financovania dlhodobého majetku účtovnej jednotky z účtovného a daňového hľadiska  |b diplomová práca  |c Barbora Matušíková ; školiteľ: Miroslava Vašeková 
264 1 |a Bratislava  |c 2022 
300 |a 66 s. 
100 1 |a Matušíková, Barbora 
700 1 |a Vašeková, Miroslava, 1978- 
710 2 |a Fakulta hospodárskej informatiky EU. Katedra účtovníctva a audítorstva